| 000 | 00000nam 2200000za 4500 |
| 001 | 9.695871 |
| 003 | CaOODSP |
| 005 | 20210705115228 |
| 007 | cr ||||||||||| |
| 008 | 150407|2001||||xxc|||||o f|0| 0 eng d |
| 040 | |aCaOODSP|beng |
| 043 | |an-cn--- |
| 086 | 1 |aH39-593/2001E-PDF |
| 110 | 1 |aCanada. |bHealth Canada. |
| 245 | 10|aRespiratory disease in Canada / |h[electronic resource]|cIssued jointly by the Canadian Institute for Health Information, Canadian Lung Association, Health Canada and Statistics Canada. |
| 260 | |aOttawa - Ontario : |bHealth Canada |cSeptember 2001. |
| 300 | |a118p.|bfig., glossary, graphs, references, tables |
| 500 | |aThe catalogue number (H39-593/2001E) and ISBN 0-662-30968-5) for the print edition have been incorrectly copied in this electronic publication. |
| 590 | |a12-08-Supp|b2012-03-16 |
| 690 | 07|aRespiratory diseases|2gcpds |
| 690 | 07|aChronic health problems|2gcpds |
| 690 | 07|aEpidemiology|2gcpds |
| 710 | 1 |aCanada. |bCanadian Institute for Health Information. |
| 775 | 08|tLes maladies respiratoires au Canada / |w(CaOODSP)9.639991 |
| 776 | 0#|tRespiratory disease in Canada / |w(CaOODSP)9.648289 |
| 856 | 40|ahttp://publications.gc.ca|qPDF|s1009 KB|uhttps://publications.gc.ca/collections/Collection/H39-593-2001E.pdf |